| 000 | 00729nam a22002537a 4500 | ||
|---|---|---|---|
| 001 | BR9509322 | ||
| 003 | BR-BrBNA | ||
| 005 | 20230928094756.0 | ||
| 007 | ta | ||
| 008 | 230509b bl.||||| |||| 00| 0 por d | ||
| 040 |
_aBR-BrBNA _bpor _cBiblioteca Nacional de Agricultura |
||
| 041 | _a(Por) | ||
| 072 | _aE50 | ||
| 090 | _ E50 BR9509322 | ||
| 100 | 1 | _aSantos, J.V.T. dos | |
| 245 | 1 | _aColonos do vinho. Estudo sobre a subordinacao do trabalho campones ao capital | |
| 260 | 3 |
_aSao Paulo, SP (Brasil): _bHucitec, _c1978. |
|
| 300 | _a182 P. | ||
| 500 | _a19 tables; Bibliography p. 177-182 | ||
| 650 | _aTrabalhador Rural | ||
| 650 | _aDesenvolvimento Social | ||
| 909 |
_a202309 _bLucia _c55 _dLucia Elande |
||
| 942 | _cBK | ||
| 999 |
_c52578 _d52578 |
||